000 00447nam a22001577a 4500
999 _c12520
_d12520
008 210204b ||||| |||| 00| 0 eng d
082 0 0 _a623.852
_bK891
100 _91274
_aKraal, Edmund G. R.
245 1 0 _aReed's Vol-VI: Basic electrotechnology for marine engineers
_cby Edmund G. R. Kraal
250 _a1st ed.
260 _aLondon
_bThomas Reed
_c1969
300 _a566p.
365 _d70.00
650 0 _aElectrical Engineering
942 _cBK